Que la nación me lo demande /

Gorde:
Xehetasun bibliografikoak
Egile nagusia: Loret de Mola Mediz, Carlos (autor)
Formatua: Liburua
Hizkuntza:gaztelania
Argitaratua: México : Grijalbo, 1986, c1986
Edizioa:2a edición
Saila:(Política Mexicana)
Gaiak:
Etiketak: Etiketa erantsi
Etiketarik gabe, Izan zaitez lehena erregistro honi etiketa jartzen!

MARC

LEADER 00000nam^a2200000^a^4500
001 000270858
005 20250624000000.0
009 20260310111010.341
025 |a Donación Alberto Minakata Arceo, 1 ejemplar 
037 |a Acervo ITESO - Biblioteca 
041 |a ESP 
082 |a 320. 9720638  |b LOR 
100 |a Loret de Mola Mediz, Carlos  |e (autor) 
245 1 0 |a Que la nación me lo demande /  |c C. Loret de Mola Mediz. 
250 |a 2a edición 
264 4 |a México :  |b Grijalbo,  |c 1986, c1986 
300 |a 226 p. 
336 |a texto  |b txt  |2 rdacontenido 
337 |a sin mediación  |b n  |2 rdamedio 
338 |a volumen  |b nc  |2 rdasoporte 
440 1 |a (Política Mexicana) 
649 |a XX 
650 |a Terremoto, 1985 
650 |a Desastres Naturales -  |z México 
650 |a Corrupción -  |z México 
650 |a Represión -  |z México 
650 |a Presidencialismo -  |z México 
650 |a Comunicación y Política -  |z México 
650 |a Sistema Político -  |z México -  |x Tema Principal 
650 |a Economía -  |z México -  |x Historia -  |y 1982-1988 
650 |a Política -  |z México -  |x Historia -  |y 1982-1988 
910 |a Fondo General 
920 |a Impresos - Libros 
930 |a Colección General 
905 |a 101 
901 |a 0500156423  |b IT1  |c ACC  |d DT  |i D  |u 20250624 
902 |a https://opac.biblio.iteso.mx/vufind/Record/000270858